000 00411 a2200169 4500
001 189825
020 _a978-85-7637-124-3
040 _cMagnum
100 _aMota, Regina
240 1 0 _aGrilo sem pressa no mundo com pressa
_lpor
245 1 0 _aGrilo sem pressa no mundo com pressa
300 _a20
362 0 _a2007
440 1 _aArmazém de Idéias
697 _aLITERATURA INFANTO-JUVENIL
942 _cBK
999 _c189825
_d189825